After Sappho / Selby Wynn Schwartz.
Available copies
- 1 of 1 copy available at LARL/NWRL Consortium.
- 1 of 1 copy available at Lake Agassiz Regional Library. (Show preferred library)
Current holds
0 current holds with 1 total copy.
Show Only Available Copies
| Location | Call Number / Copy Notes | Barcode | Shelving Location | Status | Due Date |
|---|---|---|---|---|---|
| Moorhead Public Library | SCH (Text) | 33500013737325 | Main | Available | - |
Record details
- ISBN: 9781324092315
- ISBN: 1324092319
- Physical Description: 272 pages ; 22 cm
- Edition: First American edition.
- Publisher: New York : Liveright Publishing Company, a division of W. W. Norton & Company, 2023.
- Copyright: ©2021
Content descriptions
| Bibliography, etc. Note: | Includes bibliographical references in essay ... Read More |
| Summary, etc.: | "An exhilarating debut from a radiant new voice, ... Read More |
Search for related items by subject
| Subject: | Feminists > Fiction. |
| Genre: | Queer fiction. Historical fiction. Novels. |
| LDR | 02359cam a22004098i 4500 | ||
|---|---|---|---|
| 001 | 402347 | ||
| 003 | LARL_NWRL_CONSORTIUM | ||
| 005 | 20230118213421.0 | ||
| 008 | 220927t20232021nyu b 000 1 eng | ||
| 010 | . | ‡a 2022046212 | |
| 040 | . | ‡aDLC ‡beng ‡erda ‡cDLC ‡dOCLCF ‡dLIV ‡dOCO ‡dJVK ‡dCLE | |
| 020 | . | ‡a9781324092315 ‡q(hardcover) | |
| 020 | . | ‡a1324092319 ‡q(hardcover) | |
| 020 | . | ‡z9781324092322 ‡q(ebook) | |
| 035 | . | ‡a(OCoLC)1320808157 | |
| 042 | . | ‡apcc | |
| 082 | 0 | 0. | ‡a813/.6 ‡223/eng/20220927 |
| 100 | 1 | . | ‡aSchwartz, Selby Wynn, ‡d1975- ‡eauthor. |
| 245 | 1 | 0. | ‡aAfter Sappho / ‡cSelby Wynn Schwartz. |
| 250 | . | ‡aFirst American edition. | |
| 264 | 1. | ‡aNew York : ‡bLiveright Publishing Company, a division of W. W. Norton & Company, ‡c2023. | |
| 264 | 4. | ‡c©2021 | |
| 300 | . | ‡a272 pages ; ‡c22 cm | |
| 336 | . | ‡atext ‡btxt ‡2rdacontent | |
| 337 | . | ‡aunmediated ‡bn ‡2rdamedia | |
| 338 | . | ‡avolume ‡bnc ‡2rdacarrier | |
| 504 | . | ‡aIncludes bibliographical references in essay format. | |
| 520 | . | ‡a"An exhilarating debut from a radiant new voice, After Sappho reimagines the intertwined lives of feminists at the turn of the twentieth century. "The first thing we did was change our names. We were going to be Sappho," so begins this intrepid debut novel, centuries after the Greek poet penned her lyric verse. Ignited by the same muse, a myriad of women break from their small, predetermined lives for seemingly disparate paths: in 1892, Rina Faccio trades her needlepoint for a pen; in 1902, Romaine Brooks sails for Capri with nothing but her clotted paintbrushes; and in 1923, Virginia Woolf writes: "I want to make life fuller and fuller." Writing in cascading vignettes, Selby Wynn Schwartz spins an invigorating tale of women whose narratives converge and splinter as they forge queer identities and claim the right to their own lives. A luminous meditation on creativity, education, and identity, After Sappho announces a writer as ingenious as the trailblazers of our past"-- ‡cProvided by publisher. | |
| 650 | 0. | ‡aFeminists ‡vFiction. ‡0(LARL_NWRL_CONSORTIUM)164986 | |
| 655 | 7. | ‡aQueer fiction. ‡2lcgft | |
| 655 | 7. | ‡aHistorical fiction. ‡2lcgft | |
| 655 | 7. | ‡aNovels. ‡2lcgft | |
| 901 | . | ‡a402347 ‡bOCoLC ‡c402347 ‡tbiblio ‡soclc | |

Add to basket
Permalink
Disable Highlighting